Appoint the appropriate expert (Record no. 118297)

MARC details
000 -LEADER
fixed length control field 01782cam a2200277 4500
001 - CONTROL NUMBER
control field ABS68427
008 - FIXED-LENGTH DATA ELEMENTS--GENERAL INFORMATION
fixed length control field 041111n2004 000 0 eng u
035 ## - SYSTEM CONTROL NUMBER
System control number (Sirsi) u127947
100 ## - MAIN ENTRY--PERSONAL NAME
Personal name Densham, W.
245 ## - TITLE STATEMENT
Title Appoint the appropriate expert
260 ## - PUBLICATION, DISTRIBUTION, ETC.
Date of publication, distribution, etc. 2004
490 ## - SERIES STATEMENT
Series statement Estates Gazette
Volume/sequential designation (0444) 30 October 2004, 144-146(3)
520 ## - SUMMARY, ETC.
Summary, etc. Explains the background to the "Epoch Properties Ltd and British Home Stores (Jersey) Ltd" ([2004] JCA 156, [2004] 48 EG 134) which challenged the validity of the valuer appointed by the President of the RICS to arbitrate in a rent review dispute in Jersey. The landlord (E) challenged the appointment on the grounds that whilst the valuer had experience in valuing and letting of variety stores within the UK, he did not have any experience in Jersey. The case which was considered by the Royal Court and the Court of Appeal in Jersey had to consider the nature of the role of RICS in making the appointment, whether it could be challenged and if so how. Quotes from the relevant terms of the lease. Discusses the responsibilities of the president in making appointments and suggests that an appointment should not be made where the expert does not comply fully with the terms of the lease to avoid a challenge in the courts. Considers whether issues such as test of unreasonableness and duty of care be applied. Summarises implications of judgment.
590 ## - LOCAL NOTE (RLIN)
Local note ABS
590 ## - LOCAL NOTE (RLIN)
Local note ABS
650 ## - SUBJECT ADDED ENTRY--TOPICAL TERM
Topical term or geographic name entry element EPOCH PROPERTIES LTD AND BRITISH HOME STORES (JERSEY) LTD
650 ## - SUBJECT ADDED ENTRY--TOPICAL TERM
Topical term or geographic name entry element INDEPENDENT EXPERT
650 ## - SUBJECT ADDED ENTRY--TOPICAL TERM
Topical term or geographic name entry element UNREASONABLENESS
650 ## - SUBJECT ADDED ENTRY--TOPICAL TERM
Topical term or geographic name entry element RENT REVIEWS
650 ## - SUBJECT ADDED ENTRY--TOPICAL TERM
Topical term or geographic name entry element RICS PRESIDENT
650 ## - SUBJECT ADDED ENTRY--TOPICAL TERM
Topical term or geographic name entry element DUTY OF CARE
650 ## - SUBJECT ADDED ENTRY--TOPICAL TERM
Topical term or geographic name entry element LEASE TERMS
690 ## - LOCAL SUBJECT ADDED ENTRY--TOPICAL TERM (OCLC, RLIN)
Topical term or geographic name as entry element DISPUTE RESOLUTION
9 (RLIN) 6236
700 ## - ADDED ENTRY--PERSONAL NAME
Personal name Bradford, K.
942 ## - ADDED ENTRY ELEMENTS (KOHA)
Suppress in OPAC 0
Holdings
Withdrawn status Lost status Source of classification or shelving scheme Damaged status Not for loan Home library Current library Shelving location Date acquired Total Checkouts Full call number Barcode Date last seen Copy number Price effective from Koha item type
    Dewey Decimal Classification     London London Journal article 11/11/2004   ABS68427 127947-1001 06/08/2019 1 06/08/2019 Journal article